Catálogo
 En Linea

La industria farmacéutica y farmoquímica : (Registro nro. 35722)

Detalles MARC
000 -CABECERA
campo de control de longitud fija 00732nam a2200181 a 4500
001 - NÚMERO DE CONTROL
campo de control 000036231
005 - FECHA Y HORA DE LA ÚLTIMA TRANSACCIÓN
campo de control 20200930075628.0
008 - DATOS DE LONGITUD FIJA--INFORMACIÓN GENERAL
campo de control de longitud fija 120111s1987 cl 000 0 spa d
040 ## - FUENTE DE LA CATALOGACIÓN
Centro catalogador/agencia de origen DO-SdBNP
Lengua de catalogación spa
Centro/agencia transcriptor BNPHU
245 03 - MENCIÓN DE TÍTULO
Título La industria farmacéutica y farmoquímica :
Resto del título desarrollo histórico y posibilidades futuras ; Argentina, Brasil y México.
260 ## - PUBLICACIÓN, DISTRIBUCIÓN, ETC.
Lugar de publicación, distribución, etc. Buenos Aires :
Nombre del editor, distribuidor, etc. Comisión Económica para América Latina y El Caribe,
Fecha de publicación, distribución, etc. 1987.
300 ## - DESCRIPCIÓN FÍSICA
Extensión 177 p. ;
Dimensiones 23 cm.
490 0# - MENCIÓN DE SERIE
Mención de serie Estudios e informes de la CEPAL ;
Designación de volumen o secuencia 65
650 24 - PUNTO DE ACCESO ADICIONAL DE MATERIA--TÉRMINO DE MATERIA
Término de materia o nombre geográfico como elemento de entrada Industria farmacéutica
Subdivisión geográfica Argentina
9 (RLIN) 62306
650 24 - PUNTO DE ACCESO ADICIONAL DE MATERIA--TÉRMINO DE MATERIA
Término de materia o nombre geográfico como elemento de entrada Industria farmacéutica
Subdivisión geográfica Brasil
9 (RLIN) 62307
650 24 - PUNTO DE ACCESO ADICIONAL DE MATERIA--TÉRMINO DE MATERIA
Término de materia o nombre geográfico como elemento de entrada Industria farmacéutica
Subdivisión geográfica México
9 (RLIN) 62308
650 24 - PUNTO DE ACCESO ADICIONAL DE MATERIA--TÉRMINO DE MATERIA
Término de materia o nombre geográfico como elemento de entrada Industria farmoquímica
9 (RLIN) 62309
Existencias
Estado de retiro Estado de pérdida Restricciones de uso No para préstamo Código de colección Localización permanente Ubicación/localización actual Ubicación en estantería Fecha de adquisición Número de inventario Total de préstamos Signatura topográfica completa Código de barras Fecha visto por última vez Precio válido a partir de Tipo de ítem Koha
      Excluido de préstamo Monografías: Libros y Folletos General General En catalogación 11.01.2012 LF1   36231-10 25.06.2020 25.06.2020 No se presta

Con tecnología Koha